| 000 | 00783nam a22002177a 4500 | ||
|---|---|---|---|
| 005 | 20240530110917.0 | ||
| 008 | 220221s2008 ua c g b 000 0 ara d | ||
| 017 |
_bمصر. دار الكتب _a2007/7756 |
||
| 040 |
_aEG-CaGPL _cEG-CaGPL |
||
| 082 | 0 | 4 |
_221 _a331.137 / _bح م |
| 100 | 0 | _aحسين محمد جمعة | |
| 245 | 1 | 0 |
_aمشكلة البطالة من منظور هندسى / _cحسين محمد جمعة |
| 260 |
_aالقاهرة : _bمكتب الدراسات والاستشارات الهندسية ، _c2007 |
||
| 300 |
_a154 ص؛ _c24 سم |
||
| 650 | 0 | 7 |
_aالبطالة _2qrmak |
| 650 | 0 | 7 |
_aالجمعيات الاهلية _2qrmak |
| 650 | 0 | 7 |
_aالمشروعات _2qrmak |
| 651 | _2qrmak | ||
| 942 |
_2ddc _cBK |
||
| 999 |
_c66404 _d66404 |
||